000 00459nam a2200181Ia 4500
008 230718s9999 xx 000 0 und d
020 _a9788177585582
041 _aeng
082 _a621.382
_bROD
100 _aRoddy D.
245 _aElectronic Communications
250 _a4th ed.
260 _c2011
_bPearson
300 _a723
365 _cRs.
_b585.00
700 _aRoddy D. & Coolen J.
906 _dO:0281927-Apr-2012B:308924-Apr-2012
_cETC
_b2106
999 _c330597
_d330597